Most Episodes: Sitcoms Quiz Stats

 Plays Quiz not verified by Sporcle

Challenge
Share
Tweet
Embed
Score 0/20 Timer 08:00
0 Plays Today
Year Television Sitcom % Correct
Since 1987The Simpsons
86.5%
1994-2004Friends
83.8%
1982-1993Cheers
81.1%
1972-1983M*A*S*H*
68.9%
1993-2004Frasier
67.6%
1974-1984Happy Days
56.8%
Since 1997South Park
51.4%
1975-1985The Jeffersons
36.5%
1987-1997Married...With Children
32.4%
2003-2015Two and a Half Men
31.1%
Year Television Sitcom % Correct
1960-1968Andy Griffith Show
29.7%
1997-2010King of the Hill
27%
1964-1972Bewitched
25.7%
1962-1971Beverly Hillbillies
23%
1960-1972My Three Sons
21.6%
1952-1966The Adventures of Ozzie and Harriet
18.9%
1958-1966The Donna Reed Show
12.2%
1988-1998Murphy Brown
12.2%
1977-1986Love Boat
10.8%
1950-1958The George Burns and Gracie Allen Show
2.7%

You're not logged in!

Compare scores with friends on all Sporcle quizzes.
OR
Log In

You Might Also Like...

Show Comments

Extras

Top Quizzes Today


Score Distribution

Your Account Isn't Verified!

In order to create a playlist on Sporcle, you need to verify the email address you used during registration. Go to your Sporcle Settings to finish the process.

Report this User

Report this user for behavior that violates our Community Guidelines.

Details: